Statistiken für Barbados-Quiz

Klicken Sie hier um das Quiz zu spielen!

Allgemein

  • Dieses Quiz wurde 776 mal gespielt
  • Das Durchschnittsergebnis liegt bei 11 aus 18

Antwortstatistiken

FrageAntwort% Korrekt
AmtsspracheEnglisch
98%
WährungBarbados-Dollar
89%
Waffe auf der Flagge (ein Symbol des Gott Poseidon)Dreizack
86%
Barbados ist die am östlichsten gelegene Insel dieses ArchipelsKleine {Antillen}
85%
Barbados war bis 1807 ein wichtiger Stützpunkt dieses skrupellosen Handels{Sklaven}handel
80%
Beliebteste SportartCricket
76%
Industrie, die für 35% des Einkommens zuständig istTourismus
76%
Internationale Pop-Sängerin aus Barbados, 1988 geborenRihanna
71%
HauptstadtBridgetown
68%
Größere Inselregion, zu der Barbados gehört (Anfangsbuchstabe K)Karibik
66%
Getränk, das seit 1703 von Mount Gay hergestellt wirdRum
57%
Amerikanischer Staatschef, der Barbados 1751 besuchteGeorge Washington
56%
Haupt-Kulturpflanze Barbados während der KolonialzeitZucker
51%
Großreich, das die Insel bis 1620 beanspruchtePortugiesisches Reich
50%
Auf Barbados leben vier Arten dieses Tiers : Grün, echte Karett, unechte Karett und LederMeeresschildkröte
48%
Frucht, die in Barbados zufällig entdeckt wurde; eine Kreuzung zwischen einer Orange und einer PampelmuseGrapefruit
40%
Die Insel ist in 11 dieser administrativen Regionen unterteilt (Anfangsbuchstabe P)Parishes
32%
Kreolisches Dialekt von Barbados (Anfangsbuchstabe B)Bajan
18%

Verteilung der Resultate

Perzentil nach korrekt beantworteten Fragen

Anzahl Personen mit jedem Resultat

Ihre Resultats-Entwicklung

Sie haben dieses Quiz noch nicht gespielt